000 00405nam a22001697a 4500
003 OSt
005 20260417125154.0
008 260417b |||||||| |||| 00| 0 eng d
020 _a9789349830035
040 _cBGL
100 _aMarwaha Alka
245 _aLinear and Functional Analysis
260 _aNew Delhi
_bAne Ane Publishers
_c20.03.2026
300 _a265p
650 _aMaths
942 _2ddc
_cREF
999 _c44373
_d44373